000
00202nam a22000857a 4500
008
170301b xxu||||| |||| 00| 0 eng d
100
_9
2970
_a
Iyengar
245
_a
Physics Quiz
260
_a
New Delhi
_b
PPC
_c
2012
999
_c
6214
_d
6214